000 00647nam a2200217Ia 4500
005 20250508165143.0
008 008 250505s9999 xx 000 0 eng d
020 _a978-0-19-286189-4
037 _aTextual
040 _aFEDL
_beng
_cFEDL
041 _aeng
_2eng
084 _a512.53, KAK
_qFEDL
100 _aKaku Michio
245 0 _aHyperspace: A scientific odyssey through parallel universes, time warps and the tenth dimension
260 _aDelhi, India
_bOxford University Press
_c2009
300 _a359 p.
365 _aINR
_b275
650 _aDimension
942 _cTEXL
_h512.53, KAK
999 _c1393468
_d1393468